000
002800000a22000970004500
100
1
_a
Dirksen, P. B.
245
1
0
_a
The Peshitta and the textual criticism of the Old Testament
300
_a
Vol. 42, Num. 3 (Julio, 1992), Páginas 376-390
773
0
_t
Vetus Testamentum
942
_c
ANA
999
_c
57741
_d
57741